00678nam a2200241 a 4500001001300000003000900013005001700022008004100039020001000080082001600090100001400106245002300120260003700143300000900180500003500189505003900224650001300263700001400276902000800290942000700298952011600305999001500421nice12345678IN_TiNIC20260116011456.0050524s1941 laha grp 000 0 eng  ac10000a954.91bHAM aHamza, El aPakistan, a Nation aLahorebShaikh Mohd Ashrafc1941 a135p aincludes index and biblioraphy2 aSelect Bibliography Table of Dates aPakistan1 aHamza, El bSRS cBK 001040708StackRoom-aHMIbHMId2007-07-31g100.00l0o954.91 HAMp00928r2007-07-31v100.00w2005-05-24yBK c1869d1869